| 000 | 00000nam##2200000za#4500 |
| 001 | 9.631411 |
| 003 | CaOODSP |
| 005 | 20210624214321 |
| 007 | cr ||||||||||| |
| 008 | 150407|2004||||xxc|||||o f|0| 0 fre|d |
| 020 | |a0-662-76480-3 |
| 040 | |aCaOODSP|bfre |
| 043 | |an-cn--- |
| 086 | 1 |aSW21-111/2004F-PDF |
| 110 | 1 |aCanada. |bCondition féminine Canada. |
| 245 | 10|aIntégration des considérations liées à l'égalité entre les sexes dans la politique commerciale du Canada : |h[ressource électronique]|bétude de cas sur la mobilité de la main-d'oeuvre dans les accords commerciaux / |cpar Chantal Blouin ... [et al.] |
| 260 | |aOttawa - Ontario : |bCondition féminine Canada |c2004. |
| 300 | |a166p. |
| 520 | 3 |aCette étude porte sur les engagements du Canada aux termes des accords sur la mobilité de la main-d'oeuvre relevant de l'Accord de libre-échange nord-américain (Chapitre 16) et de l'Accord général sur le commerce des services (mode 4), dans la perspective de l'égalité entre les sexes. |
| 590 | |a06-10-Supp|b2006-12-15 |
| 691 | 07|aAccord commercial|2gcpds |
| 691 | 07|aÉgalité des sexes|2gcpds |
| 691 | 07|aMobilité de la main-d'oeuvre|2gcpds |
| 691 | 07|aPolitique commerciale|2gcpds |
| 720 | 1 |aBlouin, Chantal |
| 775 | 08|tEngendering Canadian trade policy : |w(CaOODSP)9.686947 |
| 776 | 0#|tEngendering Canadian trade policy : |w(CaOODSP)9.665455 |
| 776 | 0#|tIntégration des considérations liées à l'égalité entre les sexes dans la politique commerciale du Canada : |w(CaOODSP)9.665456 |
| 856 | 40|ahttp://publications.gc.ca|qPDF|s732 Ko|uhttps://publications.gc.ca/collections/Collection/SW21-111-2004F.pdf |